000 01056cam a22002891i 4500
003 SA-RiAUC
005 20250414073859.0
008 250414s1989 sy g b 00000 ara c
040 _aSA-RiAUC
_bara
_cSA-RiAUC
_erda
050 4 _b.M57 1989
082 0 4 _a330.121
_qSA-RiAUC
090 _a330.121
_b م ص ر
100 1 _aالمصري، رفيق يونس،
_d1942-
_eمؤلف.
245 1 0 _aأصول الاقتصاد الإسلامي /
_cرفيق يونس المصري.
250 _aالطبعة الأولى.
264 1 _aدمشق :
_bدار القلم،
_c1989
264 3 _aبيروت :
_bالدار الشامية
300 _a279 صفحة ؛
_c24 سم
336 _aنص
_btxt
_2rdacontent
_3كتاب
337 _aبدون وسيط
_bn
_2rdamedia
338 _aمجلد
_bnc
_2rdacarrier
504 _aببليوجرافية : صفحة 257-270.
650 7 _aالاقتصاد الإسلامي
_2aucsh
650 7 _aالإسلام والاقتصاد
_2aucsh
942 _2ddc
_cBOOK
_n0
949 _aSA-JeALM
_d250414
_umohamedma123
_n1
999 _c6999
_d6999